Study of nuclear and joint family student's feeling of dedication, adjustment and moral values (Record no. 21311)
[ view plain ]
| 000 -LEADER | |
|---|---|
| fixed length control field | 00637nam a2200193Ia 4500 |
| 082 ## - DEWEY DECIMAL CLASSIFICATION NUMBER | |
| Classification number | TS.1056 |
| 100 ## - MAIN ENTRY--AUTHOR NAME | |
| Personal name | Saini, Omprakash |
| 245 #0 - TITLE STATEMENT | |
| Title | Study of nuclear and joint family student's feeling of dedication, adjustment and moral values |
| 260 ## - PUBLICATION, DISTRIBUTION, ETC. (IMPRINT) | |
| Year of publication | 2010 |
| Name of publisher | Institute of Advanced Study in Education University, Sardarsahar |
| 300 ## - PHYSICAL DESCRIPTION | |
| Number of Pages | 211 |
| 504 ## - BIBLIOGRAPHY, ETC. NOTE | |
| Bibliography, etc | includes appendices and bibliography |
| 650 ## - SUBJECT ADDED ENTRY--TOPICAL TERM | |
| Topical Term | Student adjustment |
| 650 ## - SUBJECT ADDED ENTRY--TOPICAL TERM | |
| Topical Term | Students |
| Form subdivision | Attitudes |
| 650 ## - SUBJECT ADDED ENTRY--TOPICAL TERM | |
| Topical Term | Students |
| Form subdivision | Conduct of life |
| 650 ## - SUBJECT ADDED ENTRY--TOPICAL TERM | |
| Topical Term | Students |
| Form subdivision | Psychology |
| 650 ## - SUBJECT ADDED ENTRY--TOPICAL TERM | |
| Topical Term | Students |
| Form subdivision | Social life and customs |
| 710 ## - ADDED ENTRY--CORPORATE NAME | |
| Corporate name or jurisdiction name as entry element | Singh, Harpal |
| 942 ## - ADDED ENTRY ELEMENTS (KOHA) | |
| Koha item type | Thesis |
| Source of classification or shelving scheme | Dewey Decimal Classification |
| Withdrawn status | Lost status | Damaged status | Not for loan | Home library | Current library | Date acquired | Source of acquisition | Bill Date | Full call number | Accession Number | Price effective from | Koha item type |
|---|---|---|---|---|---|---|---|---|---|---|---|---|
| NASSDOC Library | NASSDOC Library | 18/07/2011 | AUTH | 2011-07-04 | TS.1056 | 47338 | 18/04/2019 | Thesis |
